<?xml version='1.0' encoding='UTF-8'?>
  <record xmlns="http://www.loc.gov/MARC21/slim">
    <leader>00000cam a22000007i 4500</leader>
    <controlfield tag="001">ocm66375035</controlfield>
    <controlfield tag="003">OCoLC</controlfield>
    <controlfield tag="005">20250223002910.7</controlfield>
    <controlfield tag="008">931213s1877    ne            000 0 dut d</controlfield>
    <datafield tag="040" ind1=" " ind2=" ">
      <subfield code="a">NLGGC</subfield>
      <subfield code="b">dut</subfield>
      <subfield code="e">fobidrtb</subfield>
      <subfield code="c">NLGGC</subfield>
      <subfield code="d">OCLCO</subfield>
      <subfield code="d">OCLCL</subfield>
      <subfield code="d">OCLCQ</subfield>
    </datafield>
    <datafield tag="029" ind1="0" ind2=" ">
      <subfield code="a">NLGGC</subfield>
      <subfield code="b">113315104</subfield>
    </datafield>
    <datafield tag="035" ind1=" " ind2=" ">
      <subfield code="a">(OCoLC)66375035</subfield>
    </datafield>
    <datafield tag="245" ind1="0" ind2="3">
      <subfield code="a">De commissie, door de Synode in hare zitting van 19 juli 1877 benoemd, om haar over de adressen en voorstellen ter zake de belijdenisvragen te dienen van bericht en raad, bracht in de zitting van 10 augustus daaraanvolgende, bij monde van den heer Kuenen, het volgende rapport uit /</subfield>
      <subfield code="c">[samengest. door A. Kuenen, J. I. Doedes, J. Douwes ... et al.].</subfield>
    </datafield>
    <datafield tag="260" ind1=" " ind2=" ">
      <subfield code="a">[S.l.] :</subfield>
      <subfield code="b">[s.n.],</subfield>
      <subfield code="c">1877.</subfield>
    </datafield>
    <datafield tag="300" ind1=" " ind2=" ">
      <subfield code="a">38 p. ;</subfield>
      <subfield code="c">24 cm.</subfield>
    </datafield>
    <datafield tag="336" ind1=" " ind2=" ">
      <subfield code="a">tekst</subfield>
      <subfield code="b">txt</subfield>
      <subfield code="2">rdacontent/dut</subfield>
    </datafield>
    <datafield tag="337" ind1=" " ind2=" ">
      <subfield code="a">zonder medium</subfield>
      <subfield code="b">n</subfield>
      <subfield code="2">rdamedia/dut</subfield>
    </datafield>
    <datafield tag="338" ind1=" " ind2=" ">
      <subfield code="a">band</subfield>
      <subfield code="b">nc</subfield>
      <subfield code="2">rdacarrier/dut</subfield>
    </datafield>
    <datafield tag="530" ind1=" " ind2=" ">
      <subfield code="a">Ook beschikbaar in microvorm.</subfield>
    </datafield>
    <datafield tag="700" ind1="1" ind2=" ">
      <subfield code="a">Douwes, J.</subfield>
      <subfield code="q">(Jan),</subfield>
      <subfield code="c">Jr.,</subfield>
      <subfield code="d">1816-1888.</subfield>
      <subfield code="1">https://id.oclc.org/worldcat/entity/E39PCjC9f4QbXWDmj3jHkHbdry</subfield>
    </datafield>
    <datafield tag="700" ind1="1" ind2=" ">
      <subfield code="a">Doedes, J.I.</subfield>
      <subfield code="q">(Jacob Isaak),</subfield>
      <subfield code="d">1817-1897.</subfield>
      <subfield code="1">https://id.oclc.org/worldcat/entity/E39PBJtCFYj3KM7dg8DXbPt9Xd</subfield>
    </datafield>
    <datafield tag="700" ind1="1" ind2=" ">
      <subfield code="a">Kuenen, A.</subfield>
      <subfield code="q">(Abraham),</subfield>
      <subfield code="d">1828-1891.</subfield>
      <subfield code="1">https://id.oclc.org/worldcat/entity/E39PBJpv37HpTwdbWrRmCtCbBP</subfield>
    </datafield>
    <datafield tag="758" ind1=" " ind2=" ">
      <subfield code="a">De commissie, door de Synode in hare zitting van 19 juli 1877 benoemd, om haar over de adressen en voorstellen ter zake de belijdenisvragen te dienen van bericht en raad, bracht in de zitting van 10 augustus daaraanvolgende, bij monde van den heer Kuenen, het volgende rapport uit (Text)</subfield>
      <subfield code="1">https://id.oclc.org/worldcat/entity/E39PCYdPtR6B8P9hyq8HRc3cw3</subfield>
      <subfield code="4">https://id.oclc.org/worldcat/ontology/hasWork</subfield>
    </datafield>
    <datafield tag="936" ind1=" " ind2=" ">
      <subfield code="a">BATCHLOAD</subfield>
    </datafield>
  </record>